Teaching of Botany/ (Record no. 154210)

MARC details
000 -LEADER
fixed length control field 00487nam a22001817a 4500
003 - CONTROL NUMBER IDENTIFIER
control field dpl
005 - DATE AND TIME OF LATEST TRANSACTION
control field 20180717162047.0
008 - FIXED-LENGTH DATA ELEMENTS--GENERAL INFORMATION
fixed length control field 180717b xxu||||| |||| 00| 0 eng d
020 ## - INTERNATIONAL STANDARD BOOK NUMBER
International Standard Book Number 8176488178
Terms of availability 795.00
035 ## - SYSTEM CONTROL NUMBER
System control number B-158719
040 ## - CATALOGING SOURCE
Original cataloging agency dpl
Language of cataloging EN
Transcribing agency 0
082 ## - DEWEY DECIMAL CLASSIFICATION NUMBER
Classification number 581
Item number SIN
100 ## - MAIN ENTRY--PERSONAL NAME
Personal name Y K Singh
245 ## - TITLE STATEMENT
Title Teaching of Botany/
Statement of responsibility, etc by Y K Singh
260 ## - PUBLICATION, DISTRIBUTION, ETC. (IMPRINT)
Place of publication, distribution, etc New Delhi
Name of publisher, distributor, etc APH Publishing Corporation
Date of publication, distribution, etc 2005
300 ## - PHYSICAL DESCRIPTION
Extent 348p;
Dimensions 21cm.
942 ## - ADDED ENTRY ELEMENTS (KOHA)
Source of classification or shelving scheme Dewey Decimal Classification
Koha item type English Books
Classification part 581
Call number suffix SIN
Holdings
Withdrawn status Lost status Source of classification or shelving scheme Damaged status Not for loan Collection code Home library Current library Date acquired Source of acquisition Cost, normal purchase price Total Checkouts Full call number Barcode Date last seen Cost, replacement price Price effective from Koha item type Public note
    Dewey Decimal Classification     Non-fiction Patel Nagar Patel Nagar 17/07/2018 BPPD/Pub 795.00   581 SIN B-158719 17/07/2018 795.00 17/07/2018 English Books  
    Dewey Decimal Classification     Non-fiction Sarojini Nagar Sarojini Nagar 08/05/2019       581 SIN B-158720 08/05/2019   08/05/2019 English Books Withdrawn List Prepared L.No.10/3

© Delhi Public Library
Hit Counter
free hit counter